Visa requirements for Japanese citizens - Statistics

General Stats
  • This quiz has been taken 28 times
  • The average score is 20 of 28
Answer Stats
Continent Country % Correct
Europe/Asia Russia
96%
Asia North Korea
92%
Africa Central African Republic
85%
Africa Niger
85%
Asia Iraq
81%
Asia Afghanistan
77%
Africa Chad
77%
North America Cuba
77%
Africa Eritrea
77%
Africa Libya
77%
Africa Mali
77%
Africa Sudan
77%
Africa Nigeria
73%
Asia Syria
73%
Asia Yemen
73%
Africa Democratic Republic of the Congo
69%
Africa South Sudan
69%
Africa Algeria
65%
Africa Ghana
65%
Africa Republic of the Congo
65%
Asia Bhutan
62%
Africa Burkina Faso
62%
Oceania Nauru
62%
Africa Burundi
58%
Asia Turkmenistan
58%
Africa Cameroon
54%
Africa Liberia
54%
Africa Equatorial Guinea
46%
No matching quizzes found
Score Distribution
Percent of People with Each Score
Percentile by Number Answered
Your Score History
You have not taken this quiz